[Event "VEN-ch U16 3rd"]
[Site "San Antonio"]
[Date "2016.04.01"]
[Round "1.2"]
[White "Bastidas Segovia, Samuel Eduardo"]
[Black "Carrera Gonzalez, Ignacio"]
[Result "1-0"]
[WhiteElo "1867"]
[BlackElo "1728"]
[PlyCount "59"]
[EventDate "2016.04.01"]
[EventType "swiss"]
[EventRounds "7"]
[EventCountry "VEN"]
[SourceTitle "EXT 2022"]
[Source "ChessBase"]
[SourceDate "2021.10.06"]
[SourceVersion "1"]
[SourceVersionDate "2021.10.06"]
[SourceQuality "1"]

1. e4 c6 2. d3 d5 3. Nd2 dxe4 4. Nxe4 Nd7 5. g3 Ngf6 6. Bg2 e6 7. Nf3 Be7 8. 0-0 0-0 9. Re1 Nxe4 10. dxe4 b6 11. Bf4 Nc5 12. Qe2 Ba6 13. Qe3 Bd6 14. e5 Be7 15. Nd4 Bb7 16. Nxc6 Bxc6 17. Bxc6 Rc8 18. Bg2 h6 19. Qe2 Qd4 20. c3 Qd3 21. Qg4 Kh8 22. Rad1 Qb5 23. Qh5 Kh7 24. b4 g5 25. bxc5 gxf4 26. Be4+ Kg7 27. Qg4+ Bg5 28. gxf4 Rg8 29. fxg5 Kf8 30. g6 1-0

[Event "Caracas FVA 80th Ann"]
[Site "Caracas"]
[Date "2015.12.18"]
[Round "5"]
[White "Mendoza Sanchez, Enrique Rafael"]
[Black "Carrera Gonzalez, Ignacio"]
[Result "1/2-1/2"]
[WhiteElo "1534"]
[BlackElo "1810"]
[PlyCount "68"]
[EventDate "2015.12.16"]
[EventType "swiss"]
[EventRounds "8"]
[EventCountry "VEN"]
[SourceTitle "EXT 2018"]
[Source "ChessBase"]
[SourceDate "2017.10.13"]
[SourceVersion "1"]
[SourceVersionDate "2017.10.13"]
[SourceQuality "1"]

1. e4 c6 2. d4 d5 3. Nc3 dxe4 4. Nxe4 Nd7 5. Nf3 Ngf6 6. Ng3 e6 7. Bf4 c5 8. dxc5 Bxc5 9. Bd3 0-0 10. 0-0 b6 11. Qe2 Nd5 12. Bd2 Qc7 13. c4 Nf4 14. Bxf4 Qxf4 15. a3 Bb7 16. Be4 Bxe4 17. Qxe4 Qc7 18. Rfd1 Nf6 19. Qe2 Ng4 20. Ne4 Ne5 21. Nxc5 Nxf3+ 22. Qxf3 Qxc5 23. Rac1 Rfd8 24. Qe2 a5 25. g3 h6 26. Rd2 b5 27. Rxd8+ Rxd8 28. Rc3 bxc4 29. Rxc4 Qb5 30. Rc2 Qb3 31. Rd2 Rxd2 32. Qxd2 a4 33. Qb4 Qd1+ 34. Kg2 Qd5+ 1/2-1/2

[Event "Caracas FVA 80th Ann"]
[Site "Caracas"]
[Date "2015.12.16"]
[Round "2"]
[White "Carrera Gonzalez, Ignacio"]
[Black "Diaz Carias, Salvador"]
[Result "0-1"]
[WhiteElo "1810"]
[BlackElo "2000"]
[PlyCount "48"]
[EventDate "2015.12.16"]
[EventType "swiss"]
[EventRounds "8"]
[EventCountry "VEN"]
[SourceTitle "EXT 2018"]
[Source "ChessBase"]
[SourceDate "2017.10.13"]
[SourceVersion "1"]
[SourceVersionDate "2017.10.13"]
[SourceQuality "1"]

1. e4 c5 2. Nf3 a6 3. d4 cxd4 4. Nxd4 Nf6 5. Nc3 e5 6. Nf5 d5 7. f3 d4 8. Nb1 Nc6 9. Bc4 g6 10. Ng3 h5 11. h4 Nh7 12. c3 Be7 13. Qb3 Rf8 14. Bh6 Na5 15. Bb5+ axb5 16. Qxb5+ Nc6 17. Bxf8 Nxf8 18. Qd5 Bxh4 19. Qxd8+ Bxd8 20. cxd4 Nxd4 21. Na3 b5 22. 0-0-0 Be6 23. Nc2 Rc8 24. Rd2 Bg5 0-1